| 000 | 00000nam 2200000zi 4500 |
| 001 | 9.922101 |
| 003 | CaOODSP |
| 005 | 20230501133318 |
| 006 | m o d f |
| 007 | cr |n||||||||| |
| 008 | 230501t19971997onc o f|0| 0 fre d |
| 040 | |aCaOODSP|bfre|erda|cCaOODSP |
| 043 | |an-cn--- |
| 086 | 1 |aC2-316/1998F-PDF |
| 245 | 00|aPortefeuille de l'Industrie : |binnovation et partenariat, facteurs d'emploi et de croissance. |
| 264 | 1|aOttawa : |bGouvernement du Canada = Government of Canada, |c1997. |
| 264 | 4|c©1997 |
| 300 | |a1 ressource en ligne (28 pages non numérotées) |
| 336 | |atexte|btxt|2rdacontent/fre |
| 337 | |ainformatique|bc|2rdamedia/fre |
| 338 | |aressource en ligne|bcr|2rdacarrier/fre |
| 500 | |aPublié aussi en anglais sous le titre : Industry portfolio: building jobs and growth through innovation and partnership. |
| 500 | |aÉdition numérisée de l'imprimé [par Innovation, Sciences et Développement économique Canada]. |
| 610 | 10|aCanada. |bIndustrie Canada. |
| 650 | 6|aRecherche industrielle|xPolitique gouvernementale|zCanada. |
| 650 | 6|aPromotion industrielle|zCanada. |
| 650 | 6|aSociétés de recherche et de développement|zCanada. |
| 710 | 1 |aCanada. |bIndustrie Canada, |eorganisme de publication. |
| 775 | 08|tIndustry portfolio : |w(CaOODSP)9.922098 |
| 856 | 40|qPDF|s841 Ko|uhttps://publications.gc.ca/collections/collection_2023/isde-ised/c2/C2-316-1997-fra.pdf |